000 00875nam a22002297a 4500
003 BUBTL
008 230727b ||||| |||| 00| 0 eng d
020 _a9789848941041
041 _aEnglish to Bengli
082 _a510/ M3124f/ 2015
100 _aMandal, Prof. Amulya Chandra
_95399
245 _aFundamentals of Mathematics/
_bProf. Amulya chandra Mandal, Md. Nurul Amin and Amirul Mostafa and Md. Aftab Uddin and Md. Abu Salek and Goutam kumar Saha
250 _a1st ed.
260 _aDhaka:
_bNADI Publications
_cc2015
300 _a1087p. :
_bill. ; 21 cm.
526 _aBBA, EEE, CSE
658 _aMathematics
700 _aProf. Amulya chandra Mandal, Md. Nurul Amin and Amirul Mostafa and Md. Aftab Uddin and Md. Abu Salek and Goutam kumar Saha
_95400
856 _k0
_l0
_yDownload
942 _2ddc
_cBK
999 _c7068
_d7068